000 00542nam a2200217Ia 4500
003 OSt
005 20220928135527.0
006 a|||||r|||| 00| 0
007 ta
008 220927b |||||||| |||| 00| 0 eng d
024 _a2798
037 _cTextual
040 _aSDCL
_cSDCL
_beng
041 _2eng
_aeng
082 _aO-,1L57:g, N1
100 _aRaine Kathleen
245 0 _aGolgonooza
_b City of imagination
260 _c1991
942 _hO-,1L57:g, N1
_cTEXL
_2CC
999 _c806607
_d806607